Report on Cia. Mexicana de Refractarios A. P. Green S. A. (Record no. 5524)

MARC details
000 -CABECERA
campo de control de longitud fija 00582nam a2200205 a 4500
001 - NÚMERO DE CONTROL
campo de control BRCA_5835
005 - FECHA Y HORA DE LA ÚLTIMA TRANSACCIÓN
campo de control 20190320205231.0
008 - DATOS DE LONGITUD FIJA--INFORMACIÓN GENERAL
campo de control de longitud fija 140311s1949----mx-ad#####---#000-0#eng-#
041 ## - CÓDIGO DE LENGUA
Código de lengua del texto/banda sonora o título independiente eng
044 ## - CÓDIGO DEL PAÍS DE LA ENTIDAD EDITORA/PRODUCTORA
Código MARC del país mx
050 #4 - SIGNATURA TOPOGRÁFICA DE LA BIBLIOTECA DEL CONGRESO
Número de clasificación T6231
Número de documento/Ítem .R47
-- 1949
245 10 - MENCIÓN DE TÍTULO
Título Report on Cia. Mexicana de Refractarios A. P. Green S. A.
Mención de responsabilidad, etc. Taylor, D. C.
260 ## - PUBLICACIÓN, DISTRIBUCIÓN, ETC.
Lugar de publicación, distribución, etc. México
Fecha de publicación, distribución, etc. 1949
300 ## - DESCRIPCIÓN FÍSICA
Extensión 44 p.
Otras características físicas ils., tablas.
Dimensiones 34 cm.
500 ## - NOTA GENERAL
Nota general Documento mecanografiado, tabla administrativa, tabla de balance.
500 ## - NOTA GENERAL
Nota general H96
650 14 - PUNTO DE ACCESO ADICIONAL DE MATERIA--TÉRMINO DE MATERIA
Término de materia o nombre geográfico como elemento de entrada Reporte Corporativo
9 (RLIN) 14778
902 ## - CATALOGADOR
Iniciales GFM
942 ## - ELEMENTOS DE PUNTO DE ACCESO ADICIONAL (KOHA)
Fuente del sistema de clasificación o colocación Library of Congress Classification
Tipo de ítem Koha Libros
Holdings
Estado de retiro Estado de pérdida Estado dañado No para préstamo Localización permanente Ubicación/localización actual Fecha de adquisición Número de inventario Total de préstamos Signatura topográfica completa Código de barras Fecha visto por última vez Precio válido a partir de Tipo de ítem Koha
El ejemplar forma parte de la colección y puede ser consultado según las políticas vigentes.       Biblioteca del Museo Franz Mayer (Rogerio Casas-Alatriste) Biblioteca del Museo Franz Mayer (Rogerio Casas-Alatriste) 14/03/2011 H96   T6231 .R47 1949 (H96) 6274 22/03/2019 22/03/2019 Libros